The Next Step- Every Dancer to ever be in A Troupe - Statistics

General Stats
  • This quiz has been taken 1,637 times
  • The average score is 16 of 19
Answer Stats
Dancer % Correct
Emily
96%
James
96%
Riley
95%
Eldon
94%
Michelle
94%
West
93%
Giselle
88%
Noah
88%
Stephanie
87%
Chloe
84%
Tiffany
84%
Amanda
83%
Daniel
81%
Richelle
76%
Hunter
74%
Thalia
71%
Max
69%
Cierra
62%
Shantel
44%
No matching quizzes found
Score Distribution
Percent of People with Each Score
Percentile by Number Answered
Your Score History
You have not taken this quiz